000 00670nam a2200205Ii 4500
003 JO-AjNU
008 230605s9999||||xx |||||||||||||| ||und||
040 _aJO-AjNU
_bara
_erda
_cJO-AjNU
041 _aara
050 1 4 _aPJ7692.E8.B7 1979
100 3 _aتأليف براتوليني، فاسكو ؛ ترجمة إدوارد الخراط,
_eauthor
_938359
245 0 0 _aالشوارع العارية
250 _aط2
264 3 1 _aدار الآداب،1979
300 _a184ص
336 _atext
_btxt
_2rdacontent
337 _aunmediated
_bn
_2rdamedia
338 _avolume
_bnc
_2rdacarrier
650 4 _aقصص مترجمة - الشوارع العارية
_938360
999 _aA16110
_c19678
_d19678